| 000 | 01283nam a2200253Ia 4500 | ||
|---|---|---|---|
| 001 | Z_6319 | ||
| 008 | 220601s9999 xx 000 0 und d | ||
| 082 | _a636.089 C66 2004 | ||
| 111 |
_aConsejo Técnico Consultivo Nacional de Sanidad Animal (México). Reunión (12 : 2004 : Pachuca, Hgo.) _9183513 |
||
| 245 | _a12a Reunión Anual del CONASA "La sanidad animal: patrimonio de México", 6 ,7 y 8 de diciembre del 2004, CEUNI, Pachuca, Hgo. : memorias / Consejo Técnico Consultivo Nacional de Sanidad Animal | ||
| 260 | _aMéxico : Consejo Técnico Consultivo Nacional de Sanidad Animal, [Consejo Técnico Consultivo Nacional de Sanidad Animal, 2004 | ||
| 300 | _a53 p. | ||
| 500 | _aA la cabeza de la portada: Secretaría de Agricultura, Ganadería, Desarrollo Rural, Pesca y Alimentación (SAGARPA) ; Servicio Nacional de Sanidad, Inocuidad y Calidad Agroalimentaria (Senasica) | ||
| 503 | _aej.1: s/n | ||
| 504 | _aIncluye bibliografías | ||
| 650 | _a1. Higiene veterinaria - México - Congresos | ||
| 650 | _aSalud animal - Congresos | ||
| 711 |
_aReunión anual CONASA (12 : 2004 : Pachuca, Hgo.)Ì _9183515 |
||
| 901 | _a636.089 C66 2004 | ||
| 902 | _aM | ||
| 905 | _a5232272004 mx bn 8211313311spa16 | ||
| 942 | _c1 | ||
| 999 |
_c217111 _d217111 |
||